| 000 | 00857cab a2200265 4500 | ||
|---|---|---|---|
| 001 | WB3211-33 | ||
| 008 | 090401t1996 xxu||||| |||| 00| 0 eng d | ||
| 035 | _a(Sirsi) u50836 | ||
| 041 | _aeng | ||
| 245 | _aInternet rush | ||
| 260 | _c1996 | ||
| 350 | _a0 | ||
| 490 |
_aProperty Week _v54(11) 14 March 1996, 7 |
||
| 490 |
_aBirmingham Post _v14 March 1996, 31(1) |
||
| 520 | _aEight top agencies plan to launch property information on the internet by the end of the month. FOCUS is launching a service to give professionals access to the Internet. | ||
| 650 | _aFOCUS | ||
| 650 | _aINTERNET | ||
| 650 | _aPROPERTY AGENCIES | ||
| 650 | _aPROPERTY INFORMATION | ||
| 650 | _aPROPERTYLINK COMMERCIAL | ||
| 690 | _aMANAGEMENT-BUSINESS MANAGEMENT-INFORMATION MANAGEMENT | ||
| 690 | _aPROFESSIONAL PRACTICE | ||
| 942 | _n0 | ||
| 948 | _c04/03/1997 | ||
| 999 |
_c31729 _d31729 |
||